Romans; vol. 2. (Record no. 15220)

000 -LEADER
fixed length control field 00571nam a2200181 a 4500
001 - CONTROL NUMBER
control field :::00013062$&:&@@
003 - CONTROL NUMBER IDENTIFIER
control field OkBaRHE
005 - DATE AND TIME OF LATEST TRANSACTION
control field 20000901102211.0
008 - FIXED-LENGTH DATA ELEMENTS--GENERAL INFORMATION
fixed length control field s1976 j 000 0 eng u
040 ## - CATALOGING SOURCE
Transcribing agency
100 1# - MAIN ENTRY--PERSONAL NAME
Personal name Epp, Theodore H.
245 10 - TITLE STATEMENT
Title Romans; vol. 2.
260 ## - PUBLICATION, DISTRIBUTION, ETC. (IMPRINT)
Place of publication, distribution, etc Lincoln, NE., :
Name of publisher, distributor, etc Back to the Bible Correspondence School
Date of publication, distribution, etc c1976
300 ## - PHYSICAL DESCRIPTION
Extent 101 p. : illus. ;
Dimensions 22 cm.
650 ## - SUBJECT ADDED ENTRY--TOPICAL TERM
Topical term or geographic name as entry element Bible New Testament Romans
General subdivision Study
942 ## - ADDED ENTRY ELEMENTS (KOHA)
Source of classification or shelving scheme
Koha item type Books
Copies
Barcode Lost status Copy number Not for loan Source of classification or shelving scheme Permanent Location Koha item type Date acquired Full call number Price effective from Withdrawn status Date last seen Shelving location Damaged status
13062 1  RHEMA Bible Training CollegeBooks2010-04-14BS 2665 .E632010-04-14 2018-03-28General Stacks